Shahid Bhagat Singh, Ek Najdiki Dristikon (Hindi) (Record no. 2510)
[ view plain ]
| 000 -LEADER | |
|---|---|
| fixed length control field | 00343nam a2200133Ia 4500 |
| 008 - FIXED-LENGTH DATA ELEMENTS--GENERAL INFORMATION | |
| fixed length control field | 191201s2007 xx 000 0 und d |
| 100 ## - MAIN ENTRY--PERSONAL NAME | |
| Personal name | JOHAR, K L |
| 245 #0 - TITLE STATEMENT | |
| Title | Shahid Bhagat Singh, Ek Najdiki Dristikon (Hindi) |
| 250 ## - EDITION STATEMENT | |
| Edition statement | 1st |
| 260 ## - PUBLICATION, DISTRIBUTION, ETC. (IMPRINT) | |
| Place of publication, distribution, etc | Yamunanagar |
| Name of publisher, distributor, etc | Sneh Prakashan |
| Date of publication, distribution, etc | 2007 |
| 300 ## - PHYSICAL DESCRIPTION | |
| Extent | 242 |
| 650 ## - SUBJECT ADDED ENTRY--TOPICAL TERM | |
| Topical term or geographic name as entry element | General Books |
| 942 ## - ADDED ENTRY ELEMENTS (KOHA) | |
| Source of classification or shelving scheme | Dewey Decimal Classification |
| Koha item type | Text Books |
| Withdrawn status | Lost status | Source of classification or shelving scheme | Damaged status | Not for loan | Collection code | Home library | Current library | Date acquired | Source of acquisition | Cost, normal purchase price | Bill Number | Total Checkouts | Full call number | Acc. no. / Barcode | Date last seen | Bill Date | Koha item type | Date last borrowed | Public note | Checked out |
|---|---|---|---|---|---|---|---|---|---|---|---|---|---|---|---|---|---|---|---|---|
| Dewey Decimal Classification | IKS- Indian Knowledge System | PIET C-LIBRARY | PIET C-LIBRARY | 02/01/2007 | Sneh prakashan Yamunanagar | 350.00 | 00247 | 920 JOM | 5295 | 04/12/2019 | 27/12/2006 | Text Books | ||||||||
| Dewey Decimal Classification | IKS- Indian Knowledge System | PIET C-LIBRARY | PIET C-LIBRARY | 02/01/2007 | Sneh prakashan Yamunanagar | 350.00 | 00247 | 1 | 920 JOM | 5296 | 03/12/2021 | 27/12/2006 | Text Books | 02/04/2021 | ||||||
| Dewey Decimal Classification | IKS- Indian Knowledge System | PIET C-LIBRARY | PIET C-LIBRARY | 02/01/2007 | Sneh prakashan Yamunanagar | 350.00 | 00247 | 2 | 920 JOM | 5297 | 16/11/2022 | 27/12/2006 | Text Books | 01/11/2022 | Biography | |||||
| Dewey Decimal Classification | IKS- Indian Knowledge System | PIET C-LIBRARY | PIET C-LIBRARY | 02/01/2007 | Sneh prakashan Yamunanagar | 350.00 | 00247 | 2 | 920 JOM | 5298 | 21/02/2024 | 27/12/2006 | Text Books | 13/02/2024 | Biography | |||||
| Dewey Decimal Classification | IKS- Indian Knowledge System | PIET C-LIBRARY | PIET C-LIBRARY | 02/01/2007 | Sneh prakashan Yamunanagar | 350.00 | 00247 | 1 | 920 JOM | 5299 | 28/01/2025 | 27/12/2006 | Text Books | 28/01/2025 | Biography | 18/08/2025 |